|
|
|
|
| LEADER |
02048nam a2200493 a 4500 |
| 001 |
nkc20071780650 |
| 003 |
CZ PrNK |
| 005 |
20080331110900.0 |
| 007 |
ta |
| 008 |
071126s2007 xr a e 000 0 cze |
| 015 |
|
|
|a cnb001780650
|
| 020 |
|
|
|a 978-80-7262-499-7
|q (brož.)
|
| 035 |
|
|
|a (OCoLC)228598997
|
| 040 |
|
|
|a OLA001
|b cze
|d ABA001
|
| 043 |
|
|
|a e-xr---
|
| 072 |
|
7 |
|a 364-1/-7
|x Druhy sociální pomoci a služeb
|2 Konspekt
|9 18
|
| 080 |
|
|
|a 364.4-053.9
|2 MRF
|
| 080 |
|
|
|a 364.69-7
|2 MRF
|
| 080 |
|
|
|a 005.6
|2 MRF
|
| 080 |
|
|
|a (437.3)
|2 MRF
|
| 080 |
|
|
|a (048.8)
|2 MRF
|
| 100 |
1 |
|
|a Mátl, Ondřej,
|d 1977-
|7 mzk2007390512
|4 aut
|
| 245 |
1 |
0 |
|a Kvalita péče o seniory :
|b řízení kvality dlouhodobé péče v ČR : [výstupy z aplikovaného výzkumu] /
|c Ondřej Mátl, Milena Jabůrková
|
| 250 |
|
|
|a 1. vyd.
|
| 260 |
|
|
|a Praha :
|b Galén,
|c c2007
|
| 300 |
|
|
|a 176 s. :
|b il. ;
|c 19 cm
|
| 500 |
|
|
|a Nad názvem: katedra řízení a supervize v sociálních a zdravotnických organizacích, Fakulta humanitních studií Univerzity Karlovy
|
| 504 |
|
|
|a Obsahuje bibliografie a bibliografické odkazy
|
| 650 |
0 |
7 |
|a péče o seniory
|7 ph421549
|z Česko
|2 czenas
|
| 650 |
0 |
7 |
|a zdravotně-sociální služby
|7 ph127576
|z Česko
|2 czenas
|
| 650 |
0 |
7 |
|a management jakosti
|7 ph115218
|2 czenas
|
| 650 |
0 |
9 |
|a older people care
|z Czechia
|2 eczenas
|
| 650 |
0 |
9 |
|a medical social service
|z Czechia
|2 eczenas
|
| 650 |
0 |
9 |
|a quality control
|2 eczenas
|
| 655 |
|
7 |
|a studie
|7 fd133597
|2 czenas
|
| 655 |
|
9 |
|a studies
|2 eczenas
|
| 700 |
1 |
|
|a Jabůrková, Milena,
|d 1962-
|7 mzk2007411288
|4 aut
|
| 710 |
2 |
|
|a Univerzita Karlova.
|b Katedra řízení a supervize v sociálních a zdravotnických organizacích
|7 olak2008419484
|
| 856 |
4 |
1 |
|u http://www.digitalniknihovna.cz/mzk/uuid/uuid:90a5c9a0-e2ef-11ef-ab07-005056827e51
|y Digitalizovaný dokument
|x NDK
|
| 910 |
2 |
|
|a BOA001
|b 1-1197.524
|
| 990 |
|
|
|a BK
|
| 995 |
|
|
|a 01
|
| 991 |
|
|
|b 200802
|c NOV
|
| 996 |
6 |
|
|b 2610330196
|c 1-1197.524
|l MZK
|r Sklad / do 1 hodiny
|n 41
|p p.v.
|w 000881796
|u 000010
|a 1
|e BOA001
|j MZK50
|s P
|